| 000 | 00374nam a2200133Ia 4500 | ||
|---|---|---|---|
| 008 | 231129s1985||||xx |||||||||||||| ||spa|| | ||
| 020 | _a84-329-9505-3 | ||
| 040 | _bspa | ||
| 082 | _a649.1 P977 | ||
| 245 | 0 | _aPuericultura: El libro del padre / Jhon D. Grad... /et al. | |
| 260 | _c1985 | ||
| 264 | _aEdiciones Ceac | ||
| 942 |
_2ddc _cBKS |
||
| 999 |
_c23552 _d23552 |
||